[Event "Hold-DM i hurtigskak 2026"]
[Site "Middelfart"]
[Date "2026.05.24"]
[Round "3.2"]
[White "Lauridsen, Jesper Morch"]
[Black "Christensen, Janus"]
[Result "0-1"]
[WhiteElo "2237"]
[BlackElo "2115"]
[EventDate "2026.05.24"]
[EventType "team-tourn"]
[EventRounds "6"]
[EventCountry "DEN"]
[SourceTitle "Live v. Kasper Jerwiarz"]
[WhiteTeam "SK1968"]
[BlackTeam "The Obroes"]

1. d4 e6 2. Nf3 f5 3. d5 Bd6 4. dxe6 dxe6 5. e4 fxe4 6. Ng5 Nf6 7. Nc3 O-O 8. Ngxe4 Nxe4 9. Nxe4 Nc6 10. Bg5 Be7 11. Qxd8 Rxd8 12. Bxe7 Nxe7 13. Bd3 b6 14. O-O-O Nd5 15. c4 Nb4 16. Nf6+ gxf6 17. Bxh7+ Kxh7 18. Rxd8 Nc6 19. Re8 Bb7 20. Rxe6 Kg6 21. Rhe1 Rd8 22. Re8 Rd4 23. b3 Nb4 24. R1e7 Nxa2+ 25. Kc2 a5 26. Rxc7 Be4+ 27. Rxe4 Rxe4 28. Kd3 Re6 29. c5 Nb4+ 30. Kd2 Na6 31. Rc8 Nxc5 32. Kc3 Rd6 33. f3 Re6 34. b4 axb4+ 35. Kxb4 Nd3+ 36. Kb5 Ne1 37. h4 Kh7 38. Rc7+ Kh6 39. g4 Nxf3 40. g5+ Nxg5 41. hxg5+ Kxg5 42. Rg7+ Kf4 43. Kc4 Rd6 44. Rg1 f5 45. Rf1+ Ke5 46. Re1+ Kf6 47. Rf1 Rd2 48. Kc3 Re2 49. Kd3 Re6 50. Kd4 Re4+ 51. Kd3 b5 52. Rc1 b4 53. Rc5 Kg5 54. Rc1 Rg4 55. Ke3 b3 56. Kf2 b2 57. Rb1 Rb4 58. Kf3 Rb3+ 59. Kf2 Kf4 60. Kg1 Ke3 0-1

[Event "Hold-DM i hurtigskak 2026"]
[Site "Middelfart"]
[Date "2026.05.24"]
[Round "3.3"]
[White "Peitersen, Andreas"]
[Black "Hansen, Lars"]
[Result "0-1"]
[WhiteElo "1996"]
[BlackElo "2150"]
[EventDate "2026.05.24"]
[EventType "team-tourn"]
[EventRounds "6"]
[EventCountry "DEN"]
[SourceTitle "Live v. Kasper Jerwiarz"]
[WhiteTeam "The Obroes"]
[BlackTeam "SK1968"]

1. e4 c5 2. Nc3 g6 3. g3 Bg7 4. Bg2 Nc6 5. Nge2 d6 6. d3 e6 7. Be3 Nge7 8. Qd2 Nd4 9. Nd1 O-O 10. O-O b6 11. c3 Nxe2+ 12. Qxe2 Bb7 13. Qd2 d5 14. Bh6 dxe4 15. dxe4 Qxd2 16. Bxd2 Rad8 17. Bg5 Rd7 18. Bxe7 Rxe7 19. Ne3 Rd7 20. Rfd1 Rfd8 21. Rxd7 Rxd7 22. Rd1 Rxd1+ 23. Nxd1 Bh6 24. f4 e5 25. fxe5 Kf8 26. Kf2 Bc1 27. Kf3 Ke7 28. Bh3 Ba6 29. b3 Bd3 30. c4 Bd2 31. Ne3 Bb1 32. a3 Ba2 33. b4 Bc1 34. bxc5 bxc5 35. a4 Bb2 36. Nd5+ Kd8 37. Nf6 Bxe5 38. Nxh7 Bxc4 39. Ke3 Bd4+ 40. Kd2 Bg1 41. Kc3 Be2 42. Ng5 Ke7 43. Bg2 Bxh2 44. Nf3 Bxg3 45. Kd2 Ba6 46. Kc3 Bf4 47. Ne1 Be5+ 48. Kb3 Be2 49. Kc2 Kd6 50. Nf3 Bf4 51. Kc3 g5 52. Ne1 g4 53. Nd3 Be3 54. e5+ Ke6 0-1

[Event "Hold-DM i hurtigskak 2026"]
[Site "Middelfart"]
[Date "2026.05.24"]
[Round "3.4"]
[White "Krupa, Miroslav"]
[Black "Moustgaard, Vitus"]
[Result "1-0"]
[WhiteElo "1980"]
[BlackElo "1659"]
[EventDate "2026.05.24"]
[EventType "team-tourn"]
[EventRounds "6"]
[EventCountry "DEN"]
[SourceTitle "Live v. Kasper Jerwiarz"]
[WhiteTeam "SK1968"]
[BlackTeam "The Obroes"]

1. e4 g6 2. d4 Bg7 3. Nc3 d6 4. Be3 c6 5. Qd2 b5 6. f3 Nd7 7. h4 Ngf6 8. g4 Nb6 9. h5 Nc4 10. Bxc4 bxc4 11. Nge2 Qa5 12. Bh6 Bxh6 13. Qxh6 g5 14. e5 dxe5 15. Qxg5 Rg8 16. Qxe5 Qxe5 17. dxe5 Nd5 18. O-O-O Ne3 19. Rd4 Bb7 20. Re4 Nd5 21. Rxc4 Nb6 22. Rf4 Rd8 23. Ng3 Nd7 24. Re1 Nc5 25. Rc4 Ne6 26. Nge4 Nd4 27. Re3 Nb5 28. Ra4 Rd4 29. Ra5 Nxc3 30. Rxc3 Rd5 31. Rxa7 Rb5 32. Nc5 Bc8 33. Rc7 Rb8 34. Rxc6 1-0

[Event "Hold-DM i hurtigskak 2026"]
[Site "Middelfart"]
[Date "2026.05.24"]
[Round "3.1"]
[White "Rasmussen, Allan Stig"]
[Black "Sylvan, Jacob"]
[Result "1/2-1/2"]
[WhiteElo "2521"]
[BlackElo "2363"]
[EventDate "2026.05.24"]
[EventType "team-tourn"]
[EventRounds "6"]
[EventCountry "DEN"]
[SourceTitle "Live v. Kasper Jerwiarz"]
[WhiteTeam "Frem"]
[BlackTeam "Nordkalotten"]

1. c4 e6 2. Nf3 Nf6 3. e3 d5 4. Nc3 c5 5. d4 Nc6 6. cxd5 exd5 7. Bb5 a6 8. Bxc6+ bxc6 9. O-O Bd6 10. dxc5 Bxc5 11. b3 O-O 12. Bb2 Bg4 13. Rc1 Bd6 14. Ne2 Rc8 15. Ng3 Re8 16. Qd3 a5 17. Nd4 c5 18. Ndf5 Be5 19. Bxe5 Rxe5 20. h3 Bxf5 21. Nxf5 Ne4 22. f3 Rxf5 23. fxe4 Re5 24. exd5 Rxd5 25. Qc4 Qg5 26. e4 Rd7 27. Rf5 Qe3+ 28. Kh2 g6 29. Rc3 Qd2 30. Rc2 Qd6+ 31. e5 Qd5 32. Qxd5 Rxd5 33. Rf6 Rxe5 34. Ra6 c4 35. bxc4 Rec5 36. Kg3 Kg7 37. Kf3 h5 38. a4 R8c7 39. Ke3 Rxc4 40. Rxc4 Rxc4 41. Rxa5 Rc2 42. Kf3 Rc3+ 43. Kf2 Rc2+ 44. Kf3 Rc3+ 45. Kf2 Rc2+ 1/2-1/2

[Event "Hold-DM i hurtigskak 2026"]
[Site "Middelfart"]
[Date "2026.05.24"]
[Round "3.2"]
[White "Kristensen, Kaare Hove"]
[Black "Besq, Alexander Le"]
[Result "1-0"]
[WhiteElo "2315"]
[BlackElo "2159"]
[EventDate "2026.05.24"]
[EventType "team-tourn"]
[EventRounds "6"]
[EventCountry "DEN"]
[SourceTitle "Live v. Kasper Jerwiarz"]
[WhiteTeam "Nordkalotten"]
[BlackTeam "Frem"]

1. d4 Nf6 2. c4 g6 3. Nc3 Bg7 4. e4 d6 5. f4 O-O 6. Nf3 c5 7. d5 e6 8. Be2 exd5 9. cxd5 b5 10. e5 dxe5 11. fxe5 Ng4 12. Bg5 Qb6 13. O-O Nxe5 14. Nxe5 Bxe5 15. Be7 Bd4+ 16. Kh1 Re8 17. d6 Bb7 18. Bxb5 Nc6 19. Qb3 c4 20. Bxc4 Qxb3 21. Bxb3 Ne5 22. Nb5 Bb6 23. Rae1 Nd3 24. Bxf7+ Kg7 25. Bxe8 Rxe8 26. Bf6+ Kf7 27. Bd4+ 1-0

[Event "Hold-DM i hurtigskak 2026"]
[Site "Middelfart"]
[Date "2026.05.24"]
[Round "3.3"]
[White "Dyrgaard, Kristoffer"]
[Black "Hove, Esben Kjems"]
[Result "1/2-1/2"]
[WhiteElo "2207"]
[BlackElo "2322"]
[EventDate "2026.05.24"]
[EventType "team-tourn"]
[EventRounds "6"]
[EventCountry "DEN"]
[SourceTitle "Live v. Kasper Jerwiarz"]
[WhiteTeam "Frem"]
[BlackTeam "Nordkalotten"]

1. e4 c6 2. Nf3 d5 3. exd5 cxd5 4. Ne5 Nf6 5. d4 Nc6 6. Bb5 Bd7 7. Bxc6 Bxc6 8. Nc3 e6 9. O-O Be7 10. a4 O-O 11. Bg5 Nd7 12. Bxe7 Qxe7 13. Re1 Nxe5 14. Rxe5 Qb4 15. Ra3 Rac8 16. h4 b6 17. h5 Bd7 18. Rb3 Qc4 19. Qg4 f6 20. Re3 Rf7 21. Qd1 Re7 22. Ra3 Qb4 23. Rb3 Qc4 24. Ra3 Qb4 25. Rb3 Qc4 26. Ra3 Qb4 1/2-1/2

[Event "Hold-DM i hurtigskak 2026"]
[Site "Middelfart"]
[Date "2026.05.24"]
[Round "3.4"]
[White "Nielsen, Lars Aaes"]
[Black "Andries, Alf"]
[Result "1/2-1/2"]
[WhiteElo "2227"]
[BlackElo "2210"]
[EventDate "2026.05.24"]
[EventType "team-tourn"]
[EventRounds "6"]
[EventCountry "DEN"]
[SourceTitle "Live v. Kasper Jerwiarz"]
[WhiteTeam "Nordkalotten"]
[BlackTeam "Frem"]

1. e4 c5 2. c3 d5 3. exd5 Qxd5 4. d4 Nc6 5. Nf3 Bf5 6. Be3 cxd4 7. Nxd4 Nf6 8. Nxf5 Qxf5 9. Bd3 Qd7 10. Bb5 a6 11. Qxd7+ Kxd7 12. Bc4 e6 13. O-O Kc7 14. Nd2 Bd6 15. Rad1 Rhd8 16. h3 Rd7 17. Nf3 Rad8 18. Rxd6 Kxd6 19. Bb6 Rc8 20. Ng5 Ke7 21. Re1 Nd8 22. Bb3 h6 23. Nf3 Nc6 24. Bc5+ Ke8 25. Ba3 Na5 26. Nd4 Rxd4 27. cxd4 Nxb3 28. axb3 Rc2 29. Kf1 Rd2 30. Rc1 Kd7 31. Rc4 b5 32. Rc3 Nd5 33. Rf3 f5 34. Bf8 g6 35. Bxh6 Rxd4 36. Rg3 Ne7 37. Bg7 Rd2 38. Bc3 Rd5 39. Ke2 e5 40. Bb4 Nc6 41. Bc3 Rd6 42. b4 Ke7 43. Re3 Rd5 44. g4 Ke6 45. gxf5+ gxf5 46. Rg3 Nd4+ 47. Kf1 Kf6 48. h4 f4 49. Rd3 Kf5 50. Bxd4 exd4 51. f3 Kg6 52. Kg2 Kh5 53. Rd1 Kxh4 54. Kf2 Kg5 55. Ke2 Kf5 56. Rh1 Rd6 57. Kd3 Re6 58. Kxd4 Re3 59. Rh3 Rb3 60. Kc5 Rxb2 61. Rh5+ Kg6 62. Rh4 Kg5 63. Rg4+ Kf5 64. Rg8 Rb3 65. Ra8 Ra3 66. Rf8+ Kg5 67. Rg8+ Kf6 68. Rf8+ Ke5 69. Re8+ Kf5 70. Rf8+ Kg5 71. Rg8+ Kf5 1/2-1/2

[Event "Hold-DM i hurtigskak 2026"]
[Site "Middelfart"]
[Date "2026.05.24"]
[Round "4.1"]
[White "Nicolajsen, Thea"]
[Black "Ramsdal, Jens Albert"]
[Result "0-1"]
[WhiteElo "2029"]
[BlackElo "2331"]
[EventDate "2026.05.24"]
[EventType "team-tourn"]
[EventRounds "6"]
[EventCountry "DEN"]
[SourceTitle "Live v. Kasper Jerwiarz"]
[WhiteTeam "Silkeborg Skakklub"]
[BlackTeam "SK1968"]

1. d3 e5 2. e4 Nf6 3. Nf3 Nc6 4. Nbd2 d5 5. c3 Be7 6. Qc2 O-O 7. Be2 h6 8. h3 Be6 9. Nf1 Nh5 10. Nxe5 Nxe5 11. Bxh5 dxe4 12. dxe4 Nd3+ 13. Ke2 Bc4 14. b3 Nxc1+ 15. Ke3 Bc5+ 16. Kf3 Qf6+ 17. Kg3 Bd6+ 0-1

[Event "Hold-DM i hurtigskak 2026"]
[Site "Middelfart"]
[Date "2026.05.24"]
[Round "4.2"]
[White "Lauridsen, Jesper Morch"]
[Black "Poulsen, Albert Damgaard"]
[Result "1-0"]
[WhiteElo "2237"]
[BlackElo "2006"]
[EventDate "2026.05.24"]
[EventType "team-tourn"]
[EventRounds "6"]
[EventCountry "DEN"]
[SourceTitle "Live v. Kasper Jerwiarz"]
[WhiteTeam "SK1968"]
[BlackTeam "Silkeborg Skakklub"]

1. e4 c5 2. c3 Nf6 3. e5 Nd5 4. d4 cxd4 5. Nf3 Nc6 6. Bc4 Nb6 7. Bb3 d5 8. exd6 Qxd6 9. O-O Be6 10. Bxe6 Qxe6 11. Nxd4 Nxd4 12. Qxd4 Rd8 13. Qb4 Qc6 14. a4 e6 15. Qb5 Be7 16. Be3 Rd5 17. Qxc6+ bxc6 18. Nd2 Bc5 19. Bxc5 Rxc5 20. Nb3 Rd5 21. Nd4 Rd6 22. a5 Nd7 23. Rfe1 O-O 24. Rad1 Nf6 25. Nf5 Rxd1 26. Ne7+ Kh8 27. Rxd1 c5 28. Nc6 a6 29. b4 cxb4 30. Nxb4 Ra8 31. Rd6 Ne4 32. Rxa6 Rxa6 33. Nxa6 Nxc3 34. Nc7 Na4 35. a6 e5 36. Nd5 1-0

[Event "Hold-DM i hurtigskak 2026"]
[Site "Middelfart"]
[Date "2026.05.24"]
[Round "4.3"]
[White "Poulsen, Peter Risgaard"]
[Black "Hansen, Lars"]
[Result "0-1"]
[WhiteElo "1948"]
[BlackElo "2150"]
[EventDate "2026.05.24"]
[EventType "team-tourn"]
[EventRounds "6"]
[EventCountry "DEN"]
[SourceTitle "Live v. Kasper Jerwiarz"]
[WhiteTeam "Silkeborg Skakklub"]
[BlackTeam "SK1968"]

1. d4 Nf6 2. Nc3 e6 3. Bf4 b6 4. Nf3 Bb7 5. e3 Bb4 6. Bd3 Nd5 7. Qd2 Nxf4 8. exf4 Bxf3 9. gxf3 Nc6 10. O-O-O Nxd4 11. Be4 Nc6 12. Bxc6 dxc6 13. Qe2 Qe7 14. Qe4 O-O 15. Qxc6 Bd6 16. f5 exf5 17. Nd5 Qh4 18. Rhg1 Kh8 19. Qc3 f6 20. Rg2 Rae8 21. Qd3 c6 22. Ne3 Rd8 23. Qxf5 Bf4 24. Rxd8 Rxd8 25. Qe6 Bxe3+ 26. Qxe3 Qd4 27. Qxd4 Rxd4 28. Rg4 Rd5 29. c3 Kg8 30. Re4 Kf7 31. f4 c5 32. Kc2 Rh5 33. Kd2 Rxh2 34. Ke2 Rh1 35. Ra4 a5 36. b4 cxb4 37. cxb4 axb4 38. Rxb4 Ra1 39. Rxb6 Rxa2+ 40. Kf3 Ra3+ 41. Kg4 Ra4 42. f3 Kg6 43. Kg3 Rc4 44. Rb7 Kh6 45. Rd7 g6 46. Rf7 Rc6 47. Rd7 Re6 48. Ra7 Re1 49. Kf2 Rc1 50. Kg3 Rc5 51. Ra6 Rf5 52. Ra7 Rc5 53. Kg4 Rc4 54. Kg3 Rd4 55. Rb7 g5 56. f5 Rf4 57. Rb5 Kg7 58. Rb7+ Kg8 59. Rb5 h5 60. Rc5 0-1

[Event "Hold-DM i hurtigskak 2026"]
[Site "Middelfart"]
[Date "2026.05.24"]
[Round "4.4"]
[White "Krupa, Miroslav"]
[Black "Petersen, Frank Gjerning"]
[Result "1-0"]
[WhiteElo "1980"]
[BlackElo "1928"]
[EventDate "2026.05.24"]
[EventType "team-tourn"]
[EventRounds "6"]
[EventCountry "DEN"]
[SourceTitle "Live v. Kasper Jerwiarz"]
[WhiteTeam "SK1968"]
[BlackTeam "Silkeborg Skakklub"]

1. e4 c6 2. d4 d5 3. Nd2 dxe4 4. Nxe4 Nf6 5. Nxf6+ exf6 6. c3 Bd6 7. Bd3 O-O 8. Qc2 h6 9. Ne2 Re8 10. Be3 Be6 11. O-O Nd7 12. c4 Nf8 13. Rfd1 Rc8 14. Bf5 Qd7 15. Bxe6 Qxe6 16. Ng3 Ng6 17. Qb3 b6 18. Qd3 Bb8 19. Rac1 Rcd8 20. Re1 Qd7 21. Rcd1 Qc7 22. Qf5 Qd7 23. Qf3 Kh7 24. b3 Qc7 25. Qh5 Re7 26. Nf5 Re4 27. g3 Rde8 28. Kg2 a6 29. Bxh6 Qd8 30. Ra1 1-0

[Event "Hold-DM i hurtigskak 2026"]
[Site "Middelfart"]
[Date "2026.05.24"]
[Round "4.1"]
[White "Bogo, Soren"]
[Black "Rasmussen, Allan Stig"]
[Result "0-1"]
[WhiteElo "2229"]
[BlackElo "2521"]
[EventDate "2026.05.24"]
[EventType "team-tourn"]
[EventRounds "6"]
[EventCountry "DEN"]
[SourceTitle "Live v. Kasper Jerwiarz"]
[WhiteTeam "Fureso"]
[BlackTeam "Frem"]

1. d4 Nf6 2. c4 e6 3. Nc3 Bb4 4. Nf3 b6 5. Bg5 Bb7 6. e3 h6 7. Bh4 c5 8. Be2 cxd4 9. Nxd4 a6 10. O-O Be7 11. Bf3 Ra7 12. Bxb7 Rxb7 13. e4 d6 14. Qe2 O-O 15. Rfd1 Qc8 16. Rac1 Nbd7 17. Nc2 Ne5 18. Ne3 Rc7 19. Bxf6 Bxf6 20. Rxd6 Bg5 21. Rd4 Nxc4 22. Ncd1 b5 23. b3 Ne5 24. Rxc7 Qxc7 25. g3 Qc5 26. Rd2 Qb4 27. f4 Qxd2 28. Qxd2 Nf3+ 29. Kg2 Nxd2 30. fxg5 hxg5 0-1

[Event "Hold-DM i hurtigskak 2026"]
[Site "Middelfart"]
[Date "2026.05.24"]
[Round "4.2"]
[White "Besq, Alexander Le"]
[Black "Thorsbro, Peter"]
[Result "1-0"]
[WhiteElo "2159"]
[BlackElo "2180"]
[EventDate "2026.05.24"]
[EventType "team-tourn"]
[EventRounds "6"]
[EventCountry "DEN"]
[SourceTitle "Live v. Kasper Jerwiarz"]
[WhiteTeam "Frem"]
[BlackTeam "Fureso"]

1. e4 c6 2. d4 d5 3. exd5 cxd5 4. Nf3 Nf6 5. Ne5 e6 6. c3 Be7 7. Bd3 O-O 8. Nd2 Nc6 9. Ndf3 Ne4 10. Qe2 f5 11. Nxc6 bxc6 12. Ne5 Bd7 13. O-O c5 14. f3 Nf6 15. Be3 c4 16. Bc2 Bd6 17. Bg5 Qc7 18. Rae1 Be8 19. Bc1 Bxe5 20. Qxe5 Qxe5 21. Rxe5 Bd7 22. Rfe1 Ne8 23. Bg5 Rf7 24. Kf2 Nd6 25. Ke2 Rb8 26. Bc1 Rff8 27. Kd1 Rb6 28. R5e2 Rc8 29. h3 Ra6 30. a3 Rb6 31. Re5 Nb7 32. g4 fxg4 33. hxg4 Rf8 34. Ke2 Nd6 35. Rh1 g6 36. Kf2 Rb7 37. Kg3 Bc8 38. Re2 Rbf7 39. Rf1 Bd7 40. Bh6 Rb8 41. Bb1 Rb7 42. Rh1 Nc8 43. Bf4 Ne7 44. Reh2 Rb8 45. Bxb8 1-0

[Event "Hold-DM i hurtigskak 2026"]
[Site "Middelfart"]
[Date "2026.05.24"]
[Round "4.3"]
[White "Damm, Kasper Wilken"]
[Black "Dyrgaard, Kristoffer"]
[Result "0-1"]
[WhiteElo "2157"]
[BlackElo "2207"]
[EventDate "2026.05.24"]
[EventType "team-tourn"]
[EventRounds "6"]
[EventCountry "DEN"]
[SourceTitle "Live v. Kasper Jerwiarz"]
[WhiteTeam "Fureso"]
[BlackTeam "Frem"]

1. c4 e5 2. Nc3 Nc6 3. g3 a6 4. Bg2 Bc5 5. e3 Nf6 6. Nge2 d6 7. d3 O-O 8. a3 Be6 9. b4 Ba7 10. Nd5 Bxd5 11. cxd5 Ne7 12. Nc3 c6 13. dxc6 bxc6 14. O-O d5 15. Na4 a5 16. Bb2 d4 17. Nc5 axb4 18. axb4 Nfd5 19. exd4 Nxb4 20. Rxa7 Rxa7 21. dxe5 Ned5 22. h4 Qe7 23. Bd4 Ra5 24. Ne4 Qd7 25. Bc5 Re8 26. Qb3 Na6 27. Bd4 Rb8 28. Qd1 Ne7 29. Nd6 Nc7 30. Qh5 Ng6 31. Be4 Ne6 32. Bc3 Rc5 33. Ba1 Qxd6 34. Qxg6 hxg6 35. exd6 Rd8 36. Bb2 Rb5 37. Ba3 c5 38. Bc6 Rb3 39. Bc1 Rxd6 40. Ba4 Rbxd3 41. Be3 c4 42. Bb5 Rc3 43. Ra1 Nc7 44. Ra5 Nxb5 45. Rxb5 Rb3 46. Rc5 c3 47. Kg2 f6 48. Kf3 Rd7 49. Ke4 Kf7 50. Bd4 Rb4 0-1

[Event "Hold-DM i hurtigskak 2026"]
[Site "Middelfart"]
[Date "2026.05.24"]
[Round "4.4"]
[White "Andries, Alf"]
[Black "Jensen, Christian Skov"]
[Result "1-0"]
[WhiteElo "2210"]
[BlackElo "1925"]
[EventDate "2026.05.24"]
[EventType "team-tourn"]
[EventRounds "6"]
[EventCountry "DEN"]
[SourceTitle "Live v. Kasper Jerwiarz"]
[WhiteTeam "Frem"]
[BlackTeam "Fureso"]

1. e4 c6 2. d4 d6 3. Nc3 Qc7 4. f4 e5 5. Nf3 Bg4 6. Be3 Nd7 7. h3 Bxf3 8. Qxf3 Ngf6 9. g4 Qb6 10. O-O-O Qc7 11. g5 Ng8 12. fxe5 dxe5 13. Bc4 Nb6 14. Bb3 f6 15. dxe5 Qxe5 16. Bf4 Qc5 17. gxf6 Nxf6 18. e5 Nfd5 19. Nxd5 Nxd5 20. Bxd5 cxd5 21. Rxd5 Qc6 22. Rhd1 Be7 23. Qb3 Qe6 24. Rd8+ Kf7 25. Rxa8 Qxb3 26. axb3 Rxa8 27. Rd7 Ke6 28. Rxb7 a5 29. Bd2 a4 30. Rb6+ Kxe5 31. Bc3+ Ke4 32. Re6+ Kf3 33. Rxe7 1-0

[Event "Hold-DM i hurtigskak 2026"]
[Site "Middelfart"]
[Date "2026.05.24"]
[Round "4.1"]
[White "Nielsen, Viktor Haarmark"]
[Black "Hagen, Andreas Skytte"]
[Result "1-0"]
[WhiteElo "2351"]
[BlackElo "2341"]
[EventDate "2026.05.24"]
[EventType "team-tourn"]
[EventRounds "6"]
[EventCountry "DEN"]
[SourceTitle "Live v. Kasper Jerwiarz"]
[WhiteTeam "OBRO"]
[BlackTeam "Naestved"]

1. d4 Nf6 2. c4 g6 3. Nc3 Bg7 4. e4 d6 5. Nf3 O-O 6. Be2 e5 7. Be3 h6 8. h3 exd4 9. Nxd4 Re8 10. Qc2 Na6 11. O-O Nc5 12. Bf3 a5 13. Rad1 Bd7 14. Rfe1 Qc8 15. Bf4 Nh7 16. h4 Bxd4 17. Rxd4 Ne6 18. Qd2 g5 19. hxg5 hxg5 20. Be3 Nxd4 21. Bxd4 Qd8 22. Nd5 Re6 23. Bg4 Rh6 24. Ne3 Bxg4 25. Nxg4 Rg6 26. Bc3 Qd7 27. Ne5 Qe6 28. Nxg6 Qxg6 29. e5 b6 30. Qd4 c5 31. Qd5 Rd8 32. e6 Nf6 33. exf7+ Kf8 34. Qe6 Kg7 35. Re3 Rf8 36. Qxd6 Rxf7 37. Qe6 Kf8 38. Qc8+ Kg7 39. Re8 Qb1+ 40. Re1 Qg6 41. Qg4 Kf8 42. Qe6 Kg7 43. Qxb6 Kg8 44. Qd8+ Rf8 45. Qd6 Qf7 46. Qxc5 Kg7 47. Qxg5+ Kh8 48. Re3 1-0

[Event "Hold-DM i hurtigskak 2026"]
[Site "Middelfart"]
[Date "2026.05.24"]
[Round "4.2"]
[White "Lindholdt, Malik"]
[Black "Skonnord, Uno"]
[Result "0-1"]
[WhiteElo "2120"]
[BlackElo "2177"]
[EventDate "2026.05.24"]
[EventType "team-tourn"]
[EventRounds "6"]
[EventCountry "DEN"]
[SourceTitle "Live v. Kasper Jerwiarz"]
[WhiteTeam "Naestved"]
[BlackTeam "OBRO"]

1. e4 c5 2. Nf3 g6 3. d4 cxd4 4. Nxd4 Bg7 5. Nc3 Nc6 6. Be3 Nf6 7. Bc4 O-O 8. Bb3 d6 9. f3 Nxd4 10. Bxd4 Bd7 11. Qd2 b5 12. O-O-O a5 13. e5 dxe5 14. Bxe5 Bc6 15. Qxd8 Rfxd8 16. Rxd8+ Rxd8 17. Bc7 Ra8 18. Rd1 e6 19. a4 b4 20. Nb5 Bd5 21. Nd4 Bb7 22. Be5 Nd5 23. Bxd5 Bxd5 24. Bxg7 Kxg7 25. Nb5 Rc8 26. Rd4 Bb3 27. c3 Bxa4 28. Nd6 Rc6 29. Ne4 Bb3 30. Nd2 Bd5 31. c4 Rc7 32. Kc2 Bc6 33. Kb3 Rb7 34. Rd6 a4+ 35. Kc2 Rc7 36. Kd3 Rd7 37. Rxd7 Bxd7 0-1

[Event "Hold-DM i hurtigskak 2026"]
[Site "Middelfart"]
[Date "2026.05.24"]
[Round "4.3"]
[White "Knudsen, Joachim Holm"]
[Black "Olsen, Nils Linde"]
[Result "0-1"]
[WhiteElo "1884"]
[BlackElo "2029"]
[EventDate "2026.05.24"]
[EventType "team-tourn"]
[EventRounds "6"]
[EventCountry "DEN"]
[SourceTitle "Live v. Kasper Jerwiarz"]
[WhiteTeam "OBRO"]
[BlackTeam "Naestved"]

1. d4 Nf6 2. c4 c5 3. d5 e5 4. Nc3 d6 5. e4 g6 6. Nge2 Nh5 7. g3 Bg7 8. Bg2 O-O 9. O-O Nd7 10. h3 f5 11. Kh2 f4 12. f3 fxg3+ 13. Nxg3 Nxg3 14. Kxg3 Nf6 15. Ne2 Nh5+ 16. Kh2 Nf4 17. Be3 Qh4 18. Bf2 Qh6 19. Nxf4 exf4 20. Rb1 Bf6 21. b4 b6 22. bxc5 bxc5 23. Qa4 Bh4 24. Qc6 Bxf2 25. Rxf2 Qh4 26. Rfb2 Qg3+ 27. Kh1 Bxh3 28. Qxd6 Bxg2+ 29. Rxg2 Qxf3 30. Rb3 Qxe4 31. Rb7 Rf5 32. Qe6+ Qxe6 33. dxe6 f3 34. Rf2 Re8 35. Rxa7 Rxe6 36. a4 g5 37. a5 g4 38. Kh2 h5 39. Kg3 Re2 40. a6 Rxf2 41. Kxf2 g3+ 42. Kf1 f2 43. Rb7 0-1

[Event "Hold-DM i hurtigskak 2026"]
[Site "Middelfart"]
[Date "2026.05.24"]
[Round "4.4"]
[White "Christensen, Thomas"]
[Black "Kokholm, Daniel"]
[Result "1-0"]
[WhiteElo "2108"]
[BlackElo "1949"]
[EventDate "2026.05.24"]
[EventType "team-tourn"]
[EventRounds "6"]
[EventCountry "DEN"]
[SourceTitle "Live v. Kasper Jerwiarz"]
[WhiteTeam "Naestved"]
[BlackTeam "OBRO"]

1. Nc3 d6 2. e4 Nf6 3. f4 c6 4. Nf3 Nbd7 5. Be2 e5 6. d3 b5 7. O-O g6 8. Qe1 Bg7 9. Kh1 O-O 10. fxe5 dxe5 11. Qh4 Nh5 12. Ng5 h6 13. Bxh5 hxg5 14. Bxg5 Qe8 15. Bg4 f6 16. Bxd7 Qxd7 17. Bxf6 Qg4 18. Qxg4 Bxg4 19. Bxg7 Kxg7 20. h3 Be6 21. Kg1 a5 22. Rxf8 Kxf8 23. Kf2 Ke7 24. Ke3 Rf8 25. Ne2 c5 26. a4 b4 27. b3 Rh8 28. Ng1 Rf8 29. Nf3 Kd6 30. Nh2 Ke7 31. Rf1 Rg8 32. Nf3 Kd6 33. Ng5 Ke7 34. Rf3 Bd7 35. Rg3 Be8 36. Nf3 Ke6 37. Rg5 1-0

[Event "Hold-DM i hurtigskak 2026"]
[Site "Middelfart"]
[Date "2026.05.24"]
[Round "4.1"]
[White "Jacobsen, Mikkel Manosri"]
[Black "Sylvan, Jacob"]
[Result "1-0"]
[WhiteElo "2302"]
[BlackElo "2363"]
[EventDate "2026.05.24"]
[EventType "team-tourn"]
[EventRounds "6"]
[EventCountry "DEN"]
[SourceTitle "Live v. Kasper Jerwiarz"]
[WhiteTeam "BMS"]
[BlackTeam "Nordkalotten"]

1. d4 Nf6 2. Nf3 e6 3. Bf4 c5 4. e3 Be7 5. h3 O-O 6. Nbd2 d5 7. c3 Nc6 8. Bd3 b6 9. O-O Bb7 10. Ne5 Bd6 11. Qf3 Ne7 12. Bg5 Ng6 13. Qg3 Nh5 14. Qg4 Nf6 15. Qg3 Nh5 16. Qf3 Nf6 17. Bxg6 hxg6 18. Qg3 Be7 19. Qh4 Re8 20. f4 Nh7 21. Bxe7 Qxe7 22. Qxe7 Rxe7 23. h4 Nf8 24. Ndf3 f6 25. Ng4 Ba6 26. Rfe1 Bd3 27. Nf2 Be4 28. Nxe4 dxe4 29. Nd2 f5 30. dxc5 bxc5 31. Nc4 Nd7 32. Red1 Rb8 33. Rd6 Nf6 34. Rad1 Nd5 35. Rc6 Rbb7 36. Rxc5 Rbc7 37. Rxc7 Rxc7 38. Rd4 Kh7 39. Kf2 Rb7 40. g4 Kh6 41. g5+ Kh7 42. Ke2 Kg8 43. Kd2 Kf8 44. b3 Rb8 45. Ne5 Ke8 46. c4 Ne7 47. Rd6 Rd8 48. Rxd8+ Kxd8 49. Kc3 Kc7 50. b4 Kd6 51. a4 Kc7 52. Kd4 Kd6 53. b5 Kc7 54. a5 Kd6 55. Nf7+ Kd7 56. Kc5 Kc7 57. Ne5 Nc8 58. Nxg6 Nd6 59. b6+ axb6+ 60. axb6+ Kd7 61. Ne5+ Ke7 62. Kc6 1-0

[Event "Hold-DM i hurtigskak 2026"]
[Site "Middelfart"]
[Date "2026.05.24"]
[Round "4.2"]
[White "Kristensen, Kaare Hove"]
[Black "Kistrup, Nicolai"]
[Result "1/2-1/2"]
[WhiteElo "2315"]
[BlackElo "2436"]
[EventDate "2026.05.24"]
[EventType "team-tourn"]
[EventRounds "6"]
[EventCountry "DEN"]
[SourceTitle "Live v. Kasper Jerwiarz"]
[WhiteTeam "Nordkalotten"]
[BlackTeam "BMS"]

1. c4 e5 2. d3 Nf6 3. Nf3 Nc6 4. a3 d5 5. cxd5 Nxd5 6. e4 Nb6 7. Be3 Be7 8. Be2 O-O 9. O-O f5 10. Qc2 f4 11. Bc5 g5 12. h3 h5 13. d4 g4 14. hxg4 hxg4 15. Nxe5 Nxe5 16. dxe5 Bxc5 17. Qxc5 Qh4 18. Bc4+ Nxc4 19. Qxc4+ Kh8 20. Nc3 Bd7 21. Rad1 g3 22. fxg3 fxg3 23. Rf6 Qh2+ 24. Kf1 Qh1+ 25. Ke2 Bg4+ 26. Ke3 Bxd1 27. Qe6 Qg1+ 28. Kd2 Rad8+ 29. Nd5 Qf2+ 30. Rxf2 gxf2 31. Qh6+ Kg8 32. Qg6+ Kh8 1/2-1/2

[Event "Hold-DM i hurtigskak 2026"]
[Site "Middelfart"]
[Date "2026.05.24"]
[Round "4.3"]
[White "Falkesgaard, Jeppe Hald"]
[Black "Hove, Esben Kjems"]
[Result "1-0"]
[WhiteElo "2317"]
[BlackElo "2322"]
[EventDate "2026.05.24"]
[EventType "team-tourn"]
[EventRounds "6"]
[EventCountry "DEN"]
[SourceTitle "Live v. Kasper Jerwiarz"]
[WhiteTeam "BMS"]
[BlackTeam "Nordkalotten"]

1. d4 d5 2. c4 c6 3. Nc3 Nf6 4. Nf3 dxc4 5. a4 Bf5 6. Nh4 Bg6 7. Nxg6 hxg6 8. e4 e6 9. Bxc4 Bb4 10. Qd3 Nbd7 11. Bf4 a6 12. O-O Nh5 13. Be3 g5 14. g3 g4 15. f3 gxf3 16. Rxf3 b5 17. axb5 cxb5 18. Nxb5 axb5 19. Rxa8 Qxa8 20. Bxb5 Nf6 21. Rxf6 gxf6 22. Bxd7+ Kxd7 23. Qb5+ Qc6 24. Qxb4 Qxe4 25. Qa4+ Qc6 26. Qa7+ Qc7 27. Qa4+ Ke7 28. Qa3+ Qd6 29. Qa7+ Kf8 30. Qc5 Ke7 31. Qa7+ Ke8 32. b4 Rh5 33. Qa8+ Qd8 34. Qc6+ Kf8 35. b5 Qd5 36. Qc5+ Kg7 37. b6 Qf3 38. Qc3 Qd1+ 1-0